Datum a čas kvízu
21.5
Celkem bodů
Celkový počet nahraných bodů na tomto kvízu bez doplňovacích otázek.
9.
Pořadí na kvízu
Konečné umístění týmu na tomto kvízu.
Zaznamenané odpovědi
| # | Otázka | Odpověď | Body | Výsledky |
|---|---|---|---|---|
| 1. | V pondělí vstoupila v Česku do... | zkušební komisaři (v autoškolách) | 0 | |
| 2. | Jedna z evropských zemí si min... | ve Švédsku | 1 | |
| 3. | Oblíbený animovaný seriál půvo... | Jen počkej, zajíci! | 1 | |
| 4. | Premiér v demisi Andrej Babiš... | horu Říp | 0 | |
| 5. | Prohrávat 0:2, dostat červenou... | Slovácko | 0 | |
| 6. | Vítězné téma facebookového hla... | Dařbuján a Pandrhola | 0 | |
| 7. | Další otázka se bude týkat zná... | Hannibal Lecter | 0 | |
| 8. | V roce 2000 se režisér F. A. B... | 1B 2C 3A 4D | 1 | |
| 9. | „Jedno vám teda povim bejt idi... | Forrest Gump | 1 | |
| 10. | Podle knih Stephena Kinga byly... | 1A 2D 3B 4C | 1 |